MARC

LEADER 00000nam a2200000 4500
001 vtls011890941
003 SK-MaSNL
005 20260301101922.0
008 210209s2018 xo f np 001 0 slo
015 |a SNBA2020/03 
020 |a 9788080776046  |q (brožované) 
035 |a urn:nbn:sk:snk-am00edm5 
035 |a urn:nbn:sk:snk-am3igx3 
035 |a 54E9CE8B-38DF-49E4-9463-C0798C603855 
040 |a SNK  |b slo  |c SNK  |e rda 
041 0 |a slo 
044 |a xo  |c SK 
072 7 |a 636.09  |x Veterinárna medicína  |2 konspekt 
080 |a 636.09  |2 2011 
080 |a 636.09:616  |2 2011 
080 |a 636.09:616-092  |2 2011 
080 |a 636.09:616-07  |2 2011 
080 |a (075.8)  |2 2011 
100 1 |a Henrich, Róbert,  |d 1968-  |4 aut  |9 436912 
245 1 0 |a Diagnostická patológia  |c Róbert Henrich a kolektív 
250 |a Prvé vydanie 
264 1 |a Košice  |b Univerzita veterinárskeho lekárstva a farmácie v Košiciach  |c 2018 
300 |a 184 strán  |c 30 cm 
336 |a text  |b txt  |2 rdacontent 
337 |a bez média  |b n  |2 rdamedia 
338 |a zväzok  |b nc  |2 rdacarrier 
504 |a Obsahuje bibliografiu na strane 176-177 a vecný register 
650 0 7 |a veterinárna medicína  |2 SNKPH  |9 1148 
650 0 7 |a veterinárna patológia  |2 SNKPH  |9 67381 
650 0 7 |a veterinárna patologická fyziológia  |2 SNKPH  |9 151060 
650 0 7 |a veterinárna diagnostika  |2 SNKPH  |9 68211 
650 0 7 |a Veterinary medicine  |2 SNKPHeng  |9 267512 
650 0 7 |a Veterinary pathology  |2 SNKPHeng  |9 320091 
650 0 7 |a Veterinary pathological physiology  |2 SNKPHeng  |9 436913 
650 0 7 |a Veterinary diagnostics  |2 SNKPHeng  |9 407305 
655 7 |a učebnice vysokých škôl  |2 SNKPH  |9 70191 
655 7 |a Textbooks (higher)  |2 SNKPHeng  |9 276436 
700 1 |a Revajová, Viera,  |d 1959-  |4 aut  |9 195926 
700 1 |a Levkut, Mikuláš,  |d 1951-  |4 aut  |9 197341 
700 1 |a Ševčíková, Zuzana,  |d 1963-  |4 aut  |4 com  |9 196031 
700 1 |a Lenhardt, Ľudovít,  |d 1951-  |4 aut  |9 196041 
700 1 |a Levkut, Martin,  |d 1981-  |4 aut  |9 195928 
710 2 |a Univerzita veterinárskeho lekárstva a farmácie v Košiciach.  |b Katedra patologickej anatómie a patologickej fyziológie.  |b Ústav patologickej anatómie  |4 pbl  |9 197422 
919 |a 978-80-8077-604-6 
958 |a NB 
958 |a MI 
999 |c 690668  |d 692598 
952 |a SNK  |b SNK  |y PREZ  |7 0  |p 17A1389649  |o snkSB 94621  |i snk2019/24834  |8 0  |0 0  |1 0  |4 0  |d 2019-10-02  |f 1  |l 0  |r 2025-05-14 00:00:00  |w 2026-02-23 
952 |a SNK  |b SNK  |y VYP  |7 0  |p 17A1389650  |o snkSB 94621 D1  |i snk2019/24835  |8 0  |0 0  |1 0  |4 0  |d 2019-10-02  |l 0  |r 2026-02-23 20:25:57  |w 2026-02-23